LEADER 01543cam--2200457---450- 001 990003501670203316 005 20120313151555.0 010 $a978-88-387-5607- 4 035 $a000350167 035 $aUSA01000350167 035 $a(ALEPH)000350167USA01 035 $a000350167 100 $a20110222d2010----km-y0itay50------ba 101 $aita 102 $aIT 105 $a||||||||001yy 200 1 $aAmianto : responsabilità e risarcimento dei danni$fCinzia Altomare...[et al.] 210 $aSantarcangelo di Romagna$cMaggioli$d2010 215 $a286 p.$d24 cm 225 2 $aMedicina e diritto$v1 410 0$aMedicina e diritto$001000363818$v, 1 606 0 $aDanni [da] Amianto$xRisarcimento$2BNCF 676 $a346.45031 700 1$aALTOMARE,$bCinzia$0609525 801 0$aIT$bsalbc$gISBD 912 $a990003501670203316 951 $aXXV.1.K. 259$b68658 G.$cXXV.1.K.$d00165601 959 $aBK 969 $aGIU 979 $aFIORELLA$b90$c20110222$lUSA01$h1346 979 $aFIORELLA$b90$c20110222$lUSA01$h1346 979 $aFIORELLA$b90$c20110222$lUSA01$h1350 979 $aFIORELLA$b90$c20110222$lUSA01$h1437 979 $aFIORELLA$b90$c20120313$lUSA01$h1505 979 $aFIORELLA$b90$c20120313$lUSA01$h1506 979 $aFIORELLA$b90$c20120313$lUSA01$h1507 979 $aFIORELLA$b90$c20120313$lUSA01$h1509 979 $aFIORELLA$b90$c20120313$lUSA01$h1509 979 $aFIORELLA$b90$c20120313$lUSA01$h1515 996 $aAmianto : responsabilità e risarcimento dei danni$91111637 997 $aUNISA